Gorillaz - Demon Days Songs - Statistics

General Stats
  • This quiz has been taken 49 times
  • The average score is 12 of 15
Answer Stats
Spotify Streams Song % Correct
2,085,051,412 Feel Good Inc.
100%
670,238,388 DARE
92%
352,162,169 Dirty Harry
92%
34,935,920 Demon Days
84%
100,835,772 November Has Come
82%
101,936,178 O Green World
82%
54,298,5268 Every Planet We Reach Is Dead
79%
44,071,397 Fire Coming Out Of The Monkey's Head
79%
20,353,673 Intro
79%
136,498,632 El Mañana
76%
50,932,483 Last Living Souls
74%
190,474,445 Kids With Guns
71%
29,663,470 White Light
71%
56,532,960 All Alone
63%
30,152,921 Don't Get Lost In Heaven
63%
No matching quizzes found
Score Distribution
Percent of People with Each Score
Percentile by Number Answered
Your Score History
You have not taken this quiz